000 01547nam a2200253Ia 4500
999 _c51750
_d51750
001 18742
003 GE_BSU
005 20220919165404.0
008 181216s2013||||ge |||||||||||||| ||geo||
040 _cGE_BSU
041 _ageo
080 _a61 დ-22
100 _aდარსანია, თამარ
_911487
245 _aსაქართველოში კვების ნაციონალური პოლიტიკის ძირითადი ასპექტების კომპლექსური შესწავლა / დისერტაცია:
_cთამარ დარსანია; მეცნ. ხელმძღვანელი შალვა(დავით) ზარნაძე ; თბილისის სახ-ლო სამედიცინო უნივერსიტეტიტი.
264 _aთბილისი,
_c2013
300 _a163 გვ.
_b30 სმ.
653 _aდისერტაცია
653 _aმედიცინა
653 _aსაქართველოში კვების ნაციონალური პოლიტიკის ძირითადი ასპექტების კომპლექსური შესწავლა
653 _aნუტრიციოლოგია
653 _aჯანსაღი კვება
700 _aზარნაძე, შალვა
_eსამეცნიერო ხელმძღვანელი
_911488
942 _cBK
_2udc